000 00864nam a22002057a 4500
005 20090724112158.0
008 090724t xxu||||| |||| 00| 0 eng d
010 _aENG-94535
020 _a9788178330402
_c2575.00
035 _aEN-78068
037 _bDBAD / PUB
040 _adpl
_bEnglish
082 _a663.1
245 _aThe complete technology book on alcoholic and non-alcoholic beverages:
_cby NPCS Board & Consultants & Engineers
_b(fruits juices, whisky, beer, rum and wine) /
260 _aDelhi
_bAsia Pacific Business
_c(200?)
270 _a106-E, Kamla Nagar,
_bDelhi
_e110007
300 _axvi, 808p.
_c25cm(Hb)
942 _2ddc
_cEN
_mCOM
_h663.1
999 _c28612
_d28612